The structure and programming of microcomputers / (Record no. 176480)

000 -LEADER
fixed length control field 00983 a2200205 4500
003 - CONTROL NUMBER IDENTIFIER
control field Nust
005 - DATE AND TIME OF LATEST TRANSACTION
control field 20230516100059.0
010 ## - LIBRARY OF CONGRESS CONTROL NUMBER
LC control number 81012748
020 ## - INTERNATIONAL STANDARD BOOK NUMBER
International Standard Book Number 0882841750 (pbk.) :
040 ## - CATALOGING SOURCE
Transcribing agency Nust
082 00 - DEWEY DECIMAL CLASSIFICATION NUMBER
Classification number 001.6404,JER
100 1# - MAIN ENTRY--PERSONAL NAME
Personal name Jermann, William H.,
9 (RLIN) 112348
245 14 - TITLE STATEMENT
Title The structure and programming of microcomputers /
Statement of responsibility, etc. William H. Jermann.
260 ## - PUBLICATION, DISTRIBUTION, ETC.
Place of publication, distribution, etc. Sherman Oaks, CA :
Name of publisher, distributor, etc. Alfred Pub. Co.,
Date of publication, distribution, etc. c1982.
300 ## - PHYSICAL DESCRIPTION
Extent xiii, 368 p. :
Other physical details ill. ;
Dimensions 26 cm.
440 #0 - SERIES STATEMENT/ADDED ENTRY--TITLE
Title Computer science and data processing series
9 (RLIN) 112349
505 ## - FORMATTED CONTENTS NOTE
Formatted contents note Introduction (Page-1), Fundamentals Concepts (Page-8), Organization of Digital Computers (Page-32), Introduction to programming (Page-52), The 8080 Family of Microprocessors (Page-85), The M6800 Family of Microcomputers (Page-123), Introduction to Basic Computer Components (Page-152), Software Developments (Page-215), Microcomputer Applications (Page-274).
650 #0 - SUBJECT ADDED ENTRY--TOPICAL TERM
Topical term or geographic name entry element Microcomputers.
9 (RLIN) 8096
942 ## - ADDED ENTRY ELEMENTS (KOHA)
Source of classification or shelving scheme
Koha item type Book Bank
Call number prefix 001.6404,JER
Holdings
Withdrawn status Lost status Source of classification or shelving scheme Damaged status Not for loan Permanent Location Current Location Shelving location Date acquired Full call number Barcode Date last seen Price effective from Koha item type Public note
          Military College of Signals (MCS) Military College of Signals (MCS) General Stacks 12/12/2016 001.6404,JER MCS27433 12/08/2016 12/12/2016 Book Almirah No.81, Shelf No.3
© 2023 Central Library, National University of Sciences and Technology. All Rights Reserved.